000 00919nam a22002057a 4500
999 _c60320
_d60320
003 Ge_BSU
005 20230629090844.0
008 230629s1960 ge ||||| |||| 00| 0 geo d
041 _ageo
080 _a016:908(479.22) ბ-32
100 _aბაქრაძე, გ.
_919051
245 _aგეორგიკა /
_cგ. ბაქრაძე; რედ. ნ. მამისაშვილი; [ლ. ჭანტურიას შესავალი წერილით].
264 _aთბილისი :
_b საბჭ. საქართველო,
_c1960.
300 _a67 გვ. ;
_b 20 სმ.
653 _aსაქართველოს მხარეთმცოდნეობა --
653 _aბიბლიოგრაფია
653 _aგეორგიკა
700 _aმამისაშვილი, ნ.
_eრედაქტორი
_93802
942 _2udc
_cBK